| 000 | 00546nam a22001817a 4500 | ||
|---|---|---|---|
| 003 | OSt | ||
| 005 | 20251002053643.0 | ||
| 008 | 251002b |||||||| |||| 00| 0 eng d | ||
| 020 | _a4051513300 | ||
| 040 |
_aDWCL-Main lib _cOC |
||
| 082 | _aCirc. 641.5952 K82j 1983 | ||
| 100 | _aKonishi, Kiyoko | ||
| 245 |
_aJapanese Cooking for Health and Fitness/ _cKonishi Kiyoko |
||
| 260 |
_aTokyo : _bGakken Co. ltd, _cc1983. |
||
| 300 |
_a120 pages _bcolor illustration ; _c27cm. |
||
| 650 | _a1. Cooking, Japanese | ||
| 942 |
_2ddc _cBK-CIRC _kCirc. _n0 |
||
| 999 |
_c4637 _d4637 |
||